| 000 | 01754nam0a2200325 4500 | ||
|---|---|---|---|
| 001 | RU\NLR\BIBL_A\012062021 | ||
| 005 | 20191022141808.0 | ||
| 010 |
_a978-5-7924-1411-2 _9500 |
||
| 021 |
_aRU _bКН-П-19-047350 _9КН-П-19-3453 |
||
| 035 | _a(NLR Aleph) 012062021 | ||
| 035 | _a(RuMoRGB)010022435 | ||
| 090 |
_a11710228 _c11710228 |
||
| 100 | _a20190723d2018 k y0rusy50 ca | ||
| 101 | 0 | _arus | |
| 102 | _aRU | ||
| 105 | _aac z 000zy | ||
| 200 | 1 |
_aИстория саратовской психологической школы в лицах _fА. Л. Южанинова _gМинистерство науки и высшего образования Российской Федерации, Федеральное государственное бюджетное образовательное учреждение высшего образования "Саратовская государственная юридическая академия" |
|
| 210 |
_aСаратов _cСаратовская государственная юридическая академия _d2018 |
||
| 215 |
_a349, [1] с. _cил., портр. _d21 |
||
| 300 | _aНа 4-й с. обл. авт.: Южанинова А.Л., к.психол.н., доц. | ||
| 320 | _aБиблиогр. в подстроч. примеч. | ||
| 320 | _aСписок трудов авт. в конце кн. (135 назв.) | ||
| 606 | 1 |
_aПсихология _xИстория _yРоссия _z20 в. _92433649 _3RU\NLR\AUTH\661448338 |
|
| 686 | 1 | _aЮ91(2)6 | |
| 700 | 1 |
_aЮжанинова _bА. Л. _gАлла Леонидовна |
|
| 942 | _cBOOK | ||
| 980 | _aNBR | ||
| 980 | _aNB | ||